Quizz sur Paris - Extreme - Statistiques

Statistiques générales
  • Ce quiz a été pris 125 fois
  • Le résultat moyen est 4 sur 15
Statistiques - réponses
Hint Réponse % Correct
Nombre de lignes de métro à Paris 14
86%
La Tour Eiffel a été achevée en cette année 1889
50%
Rue la plus longue de Paris Rue de Vaugirard
49%
Cet espace vert se trouve entre la Tour Eiffel et l'hôtel des Invalides Champ de Mars
39%
Cette rue est baptisée au nom d'une bataille remportée par Napoléon en 1797 Rue de Rivoli
37%
Le Sacré-Coeur a été érigé après cet événement traumatique La Commune
31%
Parc parisien représenté à plusieurs reprises par Claude Monnet Parc Monceau
25%
Cet axe donne son nom au Ministère des Affaires étrangères Quai d'Orsay
25%
Les armées allemandes ont pénétré Paris en 1940 mais aussi en 1871
23%
Un ministère de grande importance dont les bureaux se situent sur la Place Vendôme Ministère de la Justice
18%
Place rendant hommage aux victoires militaires de Louis XIV qui présente une statue équestre de celui-ci en son centre Place des Victoires
10%
La statue au centre de la place de Vosges le représente sur un cheval Louis XIII
7%
Le boulevard encerclant Paris leur rend hommage Maréchaux d'Empire
4%
Préfet de la Seine antérieur à Haussmann aussi connu pour ses travaux d'urbanisme ayant donné son nom à une rue reliant le 1er et le 4ème arrondissement Rue Rambuteau
4%
Axe reliant La Défense et le palais des Tuileries Voie royale
3%
Aucun quiz correspondant
Distribution des résultats
% des personnes avec chaque résultat
Percentile par nombre de réponses
Votre historique - résultats
Vous n’avez pas pris ce quiz